Understanding management / Richard L. Daft & Dorothy Marcic. (Record no. 20287)

000 -LEADER
fixed length control field 00556nam a22001817a 4500
020 ## - INTERNATIONAL STANDARD BOOK NUMBER
ISBN 9780357716892
020 ## - INTERNATIONAL STANDARD BOOK NUMBER
ISBN 0357716892
082 ## - DEWEY DECIMAL CLASSIFICATION NUMBER
Classification number 658
Item number D124 2023
100 ## - MAIN ENTRY--AUTHOR NAME
Personal name Daft, Richard L., author.
245 ## - TITLE STATEMENT
Title Understanding management / Richard L. Daft & Dorothy Marcic.
250 ## - EDITION STATEMENT
Edition statement Twelfth edition.
260 ## - PUBLICATION, DISTRIBUTION, ETC. (IMPRINT)
Place of publication Boston, MA :
Name of publisher Cengage Learning,
Year of publication ©2023.
300 ## - PHYSICAL DESCRIPTION
Number of Pages xxvii, 646 pages :
Other physical details illustrations ; 28 cm.
500 ## - GENERAL NOTE
General note Includes bibliographical references and indexes.
650 ## - SUBJECT ADDED ENTRY--TOPICAL TERM
Topical Term Management.
700 ## - ADDED ENTRY--PERSONAL NAME
Personal name Marcic, Dorothy.
942 ## - ADDED ENTRY ELEMENTS (KOHA)
Koha item type Books
Holdings
Source of acquisition Permanent Location Date acquired Koha item type Collection code Accession Number Lost status Shelving location Withdrawn status Current Location Full call number
SchoolCagayan State University - Carig Library2025-03-10BooksApplied Sciences010671 General Collection Cagayan State University - Carig Library658 D124 2023

Cagayan State University University Library, Carig Campus
Tuguegarao City, Cagayan 3500 | www.csucarig.edu.ph

Powered by Koha